Catalog

Record Details

Catalog Search



Principles of Distributed Systems 9th International Conference, OPODIS 2005, Pisa, Italy, December 12-14, 2005, Revised Selected Papers  Cover Image E-book E-book

Principles of Distributed Systems [electronic resource] : 9th International Conference, OPODIS 2005, Pisa, Italy, December 12-14, 2005, Revised Selected Papers / edited by James H. Anderson, Giuseppe Prencipe, Roger Wattenhofer.

Record details

  • ISBN: 9783540363224
  • Physical Description: XIV, 444 p. Also available online. online resource.
  • Publisher: Berlin, Heidelberg : Springer Berlin Heidelberg, 2006.
Subject: Computer science.
Computer Communication Networks.
Software engineering.
Operating systems (Computers).
Computer Science.
Computer Communication Networks.
Software Engineering.
Programming Techniques.
Operating Systems.
Special Purpose and Application-Based Systems.

Electronic resources


LDR 01915nam a22004695i 4500
00118244
003CONS
00520131220041747.0
007cr nn 008mamaa
008100301s2006 gw | s |||| 0|eng d
020 . ‡a9783540363224 ‡9978-3-540-36322-4
0247 . ‡a10.1007/11795490 ‡2doi
035 . ‡a(DE-He213)978-3-540-36322-4
050 4. ‡aTK5105.5-5105.9
072 7. ‡aUKN ‡2bicssc
072 7. ‡aCOM075000 ‡2bisacsh
1001 . ‡aAnderson, James H. ‡eeditor.
24510. ‡aPrinciples of Distributed Systems ‡h[electronic resource] : ‡b9th International Conference, OPODIS 2005, Pisa, Italy, December 12-14, 2005, Revised Selected Papers / ‡cedited by James H. Anderson, Giuseppe Prencipe, Roger Wattenhofer.
264 1. ‡aBerlin, Heidelberg : ‡bSpringer Berlin Heidelberg, ‡c2006.
300 . ‡aXIV, 444 p. Also available online. ‡bonline resource.
336 . ‡atext ‡btxt ‡2rdacontent
337 . ‡acomputer ‡bc ‡2rdamedia
338 . ‡aonline resource ‡bcr ‡2rdacarrier
347 . ‡atext file ‡bPDF ‡2rda
4901 . ‡aLecture Notes in Computer Science, ‡x0302-9743 ; ‡v3974
650 0. ‡aComputer science.
650 0. ‡aComputer Communication Networks.
650 0. ‡aSoftware engineering.
650 0. ‡aOperating systems (Computers).
65014. ‡aComputer Science.
65024. ‡aComputer Communication Networks.
65024. ‡aSoftware Engineering.
65024. ‡aProgramming Techniques.
65024. ‡aOperating Systems.
65024. ‡aSpecial Purpose and Application-Based Systems.
7001 . ‡aPrencipe, Giuseppe. ‡eeditor.
7001 . ‡aWattenhofer, Roger. ‡eeditor.
7102 . ‡aSpringerLink (Online service)
7730 . ‡tSpringer eBooks
77608. ‡iPrinted edition: ‡z9783540363217
830 0. ‡aLecture Notes in Computer Science, ‡x0302-9743 ; ‡v3974
85640. ‡uhttp://biblioteca.ipicyt.edu.mx:2048/login?url=http://dx.doi.org/10.1007/11795490 ‡yTexto completo ‡9CONS
950 . ‡aComputer Science (Springer-11645)
901 . ‡a18244 ‡b ‡c18244 ‡tbiblio ‡sSystem Local

Additional Resources